000 00599cam a22002053a 4500
001 44360
003 PGUSA
005 20140828084019.0
008 131205s2013||||xxu|||||s|||||000 | eng d
040 _aPGUSA
_beng
042 _adc
100 1 _aNewton, A. Edward
245 1 4 _aThe Amenities of Book-Collecting and Kindred Affections
_h[electronic resource] /
_cA. Edward Newton
260 _bProject Gutenberg,
_c2013
506 _aPublic domain in the USA.
516 _aElectronic text
830 0 _aProject Gutenberg
_v44360
856 4 0 _uhttp://www.gutenberg.org/ebooks/44360
942 _cEB
999 _c273611
_d273611